Normal view
MARC view
- Berg, Bengt
Entry Personal Name
001 - CONTROL NUMBER
- control field: 131050
003 - CONTROL NUMBER IDENTIFIER
- control field: NUST
005 - DATE AND TIME OF LATEST TRANSACTION
- control field: 20251008184820.0
008 - FIXED-LENGTH DATA ELEMENTS
- fixed length control field: 251008|| aca||aabn | a|a d
040 ## - CATALOGING SOURCE
- Original cataloging agency: NUST
- Transcribing agency: NUST
100 ## - HEADING--PERSONAL NAME
- Personal name: Berg, Bengt
670 ## - SOURCE DATA FOUND
- Source citation: Work cat.: (NUST): Berg, Bengt, Birds of The North /, 1925
